Регионална библиотека "Любен Каравелов" - Русе

Големият малък човек (Запис номер 45835)

MARC детайли
000 -Лидер
Контролно поле с фиксирана дължина 01216nam a2200337 c 4500
003 - Код на организацията, давaща контролен номер
Контролно поле BLK
005 - Дата и час на последна редакция
Контролно поле 20230925114055.0
008 - Елементи от данни с фиксирана дължина
fixed length control field 180408b bul|||||r ||||||| ||bul||
010 ## - Наследен системен номер
LC control number KNG00049635000
020 ## - Международен стандартен номер на книга ISBN
Международен стандартен номер на книга ISBN 954-9415-03-1
-- издат.: Водолей
040 ## - Източник на каталожния запис
Идентификатор на билиотеката - собственик на записа BLK
041 ## - Код за език
Код за езика на текст/звукозапис или на отделно заглавие Български
Код за езика КДБФ Български
080 ## - УДК
Текстов определител УДК Българска литература
УДК код - определител по УДК 821.163.2
УДК определител -312.4
УДК - код + определител 821.163.2-312.4
100 1# - Редна дума - Автор
Автор Христозов, Петър
Авторска отговорност първи автор
R(LIN) 251078
139 ## - Редно поле
Редна дума Христозов, Петър
Авторски знак Христод - Х 82
245 10 - Сведения за заглавието
Заглавие Големият малък човек
Подзаглавни данни Роман
Редно поле (дума) Петър Христозов; * Христо Димитров Вълчев.
257 ## - Страна на издаване
Страна на създаване/издаване България
260 ## - Област на издателските данни
-- София
Име на издателя, разпространителя и проч. Водолей
Година на издаване 2005
300 ## - Физическа характеристика
Страници 200 с.
Размери/Мащаб 20 см
380 ## - Жанр
Жанр Худож. лит.
500 ## - Общи забележки
Забележка Петър Христозов - псевд. на Христо Вълчев. - Офс. изд.
653 ## - Ключова дума – ненормативна
Ключова дума трилъри
653 ## - Ключова дума – ненормативна
Ключова дума романи
700 1# - Други автори (авторска отговорност)
Лично име Вълчев, Христо Димитров
Автороска отговорност (Описва отношението между автора и произведението) *
9 (RLIN) 366782
852 ## - Местоположение
Форматна сигнатура Цб 223478
856 4# - Електронен адрес и достъп
Електронен формат pdf - файл
Път до файла /url/
856 4# - Електронен адрес и достъп
Електронен формат pdf - файл
Път до файла /url/
942 ## - АРТИКУЛИ
Вид на библиотечния материал Книги
Скрит в OPAC Не
Koha issues (borrowed), all copies 3
944 ## - СЪЗДАВАНЕ И РЕДАКЦИЯ на ЗАПИСА
Създаване/Редакция Създаване
Дата на регистрацията/редакция 25.04.2005
Служител, извършил регистрацията/редакцията 30530
Статус, дата на статуса Минев Младен
944 ## - СЪЗДАВАНЕ И РЕДАКЦИЯ на ЗАПИСА
Създаване/Редакция Редакция
Дата на регистрацията/редакция 09.06.2006
Служител, извършил регистрацията/редакцията
999 ## - СИСТЕМНИ КОНТРОЛНИ НОМЕРА
Koha biblionumber 45835
Koha biblioitemnumber 45835
Наличности
Код за отписване Код за изгубен артикул Код за повреда Коз за рестрикции Код за отдаване Артикулен № Име на библиотеката - собственик Име на библиотеката, в която се намира в момента Статус (Текущо местоположение) Дата на вписване в системата Местоположение - отдел Цена в лева Инвентарен номер Систематично азбучна сигнатура Баркод Номер на екземпляра Цена в евро Служебна бележка Служебен тип на артикула
  Не е изгубен Не е повреден без рестрикции заемане за дома 72202 Регионална библиотека "Любен Каравелов" Русе Регионална библиотека "Любен Каравелов" Русе Заемна - подръчен фонд 2005-04-25 Заемна - подръчен фонд 6.00 120000693513 П 886.7-31/Х 82 120000693513 1 3.07 Дост: Pk Вид: Ф N: 8а Дата: 21.04.2005 Дата инв: 09.02.2018 Бележки инв: П2018 Книги
  Не е изгубен Не е повреден без рестрикции ползва се в читалня 72203 Регионална библиотека "Любен Каравелов" Русе Регионална библиотека "Любен Каравелов" Русе Хранилище 2006-06-09 Хранилище 6.00 120000702905 Цб 223478 120000702905 2 3.07 Дост: Dp Вид: Д N: 22 Дата: 18.05.2005 Книги
Vip Innovations Ltd, Rousse, Bulgaria 2025